پھول کی زبانی / (Record no. 106545)
[ view plain ]
| 000 -LEADER | |
|---|---|
| fixed length control field | 00794nam a22002537a 4500 |
| 005 - DATE AND TIME OF LATEST TRANSACTION | |
| control field | 20170123162313.0 |
| 010 ## - LIBRARY OF CONGRESS CONTROL NUMBER | |
| LC control number | A-556072 |
| 020 ## - INTERNATIONAL STANDARD BOOK NUMBER | |
| Terms of availability | 80.00 |
| 035 ## - SYSTEM CONTROL NUMBER | |
| System control number | A-556072 |
| 037 ## - SOURCE OF ACQUISITION | |
| Source of stock number/acquisition | Cen Lib/Ret |
| 040 ## - CATALOGING SOURCE | |
| Original cataloging agency | DPL |
| Language of cataloging | UR |
| 082 ## - DEWEY DECIMAL CLASSIFICATION NUMBER | |
| Classification number | ک |
| Item number | ن ج م |
| 100 ## - MAIN ENTRY--PERSONAL NAME | |
| Personal name | نجمہ انوارالحق |
| 9 (RLIN) | 108316 |
| 245 ## - TITLE STATEMENT | |
| Title | پھول کی زبانی / |
| Statement of responsibility, etc | نجمہ انوارالحق |
| Remainder of title | کہانیاں / |
| 246 ## - VARYING FORM OF TITLE | |
| Title proper/short title | Phool ki zabani / |
| Remainder of title | by Najma Anwarulhaq |
| 260 ## - PUBLICATION, DISTRIBUTION, ETC. (IMPRINT) | |
| Place of publication, distribution, etc | لاہور |
| Name of publisher, distributor, etc | پاکستان کوپراتیوسوسائٹی |
| Date of publication, distribution, etc | 1992 |
| 270 ## - ADDRESS | |
| City | لاہور |
| 300 ## - PHYSICAL DESCRIPTION | |
| Extent | 141p. |
| Dimensions | 19cm(Hb) |
| 650 ## - SUBJECT ADDED ENTRY--TOPICAL TERM | |
| Topical term or geographic name as entry element | ادب - اردو |
| 9 (RLIN) | 113034 |
| 650 ## - SUBJECT ADDED ENTRY--TOPICAL TERM | |
| Topical term or geographic name as entry element | اردو کہانیاں |
| 9 (RLIN) | 818 |
| 650 ## - SUBJECT ADDED ENTRY--TOPICAL TERM | |
| Topical term or geographic name as entry element | Literature -- Urdu |
| 9 (RLIN) | 113035 |
| 650 ## - SUBJECT ADDED ENTRY--TOPICAL TERM | |
| Topical term or geographic name as entry element | Urdu stories |
| 9 (RLIN) | 113036 |
| 942 ## - ADDED ENTRY ELEMENTS (KOHA) | |
| Source of classification or shelving scheme | Dewey Decimal Classification |
| Koha item type | Urdu Bks |
| Classification part | ک |
| Call number suffix | ن ج م |
| Withdrawn status | Lost status | Damaged status | Not for loan | Home library | Current library | Date acquired | Source of acquisition | Cost, normal purchase price | Total Checkouts | Full call number | Barcode | Date last seen | Copy number | Cost, replacement price | Price effective from | Koha item type |
|---|---|---|---|---|---|---|---|---|---|---|---|---|---|---|---|---|
| Central Library | Central Library | 23/12/2015 | Cen Lib/Ret | 80.00 | ک ن ج م | A-556072 | 23/12/2015 | 1 | 80.00 | 23/12/2015 | Urdu Bks |
